| 000 | 00593nam a2200193 a 4500 | ||
|---|---|---|---|
| 001 | 000040713 | ||
| 005 | 20201002034326.0 | ||
| 008 | 130905s2003 sp ac 001 0 spa d | ||
| 020 | _a8428212872 | ||
| 040 |
_aDO-SdBNP _bspa _cBNPHU |
||
| 082 |
_axxxx _bxxxx |
||
| 100 | 1 |
_aLangford, Michael _967101 |
|
| 240 | 1 | 0 | _aBasic photography |
| 245 | 1 | 0 |
_aFotografía Básica. / _cMichael Langford; traducción, Frances Rosés. |
| 250 | _a7ma. ed. | ||
| 260 |
_aBarcelona, : _bOmega, _c2003. |
||
| 500 | _aLa biblioteca posee la 1ra. reimpresión del 2007 | ||
| 700 | 1 |
_aRosés, Frances _etrad. _967102 |
|
| 999 |
_c40203 _d40203 |
||